00784nam a2200193 a 450000100100000000500170001000800410002704000250006808200150009310000360010824500470014426000510019130000210024249000220026350400730028583000290035895201860038799900170057300003501520200930074040.0111024s1972 sp 000 0 spa d aDO-SdBNPbspacBNPHU axxxxbxxxx1 aWilde, Oscar,d1854-190091329413aEl retrato de Dorian Grey /cOscar Wilder. aBarcelona, :bEditorial Ramón Sopena,c1972. a240 p. ;c18 cm.1 aBiblioteca sopena aIncluye referencias bibliográficas y notas al pie de las páginas 0aBiblioteca sopena912815 001050718MOaGRbGRcHDd2011-10-24iLF1l0oxxxx xxxxp35015-10r2020-06-25w2020-06-25y1zPerteneció a la biblioteca personal de Juan Isidro Jimenes Grullón.ZNo se presta c34506d34506